MARC details
| 000 -LEADER |
| campo de control de longitud fija |
01642cam a2200409Ia 4500 |
| 001 - NÚMERO DE CONTROL |
| campo de control |
7318287 |
| 005 - FECHA Y HORA DE LA ÚLTIMA TRANSACCIÓN |
| campo de control |
20220326193330.0 |
| 008 - DATOS DE LONGITUD FIJA--INFORMACIÓN GENERAL |
| campo de control de longitud fija |
080915s2008 gw a bc 000 0 spa d |
| 020 ## - NÚMERO INTERNACIONAL ESTÁNDAR DEL LIBRO |
| Número Internacional Estándar del Libro |
1933128461 (Sternberg) |
| 020 ## - NÚMERO INTERNACIONAL ESTÁNDAR DEL LIBRO |
| Número Internacional Estándar del Libro |
9781933128467 (Sternberg) |
| 020 ## - NÚMERO INTERNACIONAL ESTÁNDAR DEL LIBRO |
| Número Internacional Estándar del Libro |
9708020486 (Instituto Nacional de Bellas Artes) |
| 020 ## - NÚMERO INTERNACIONAL ESTÁNDAR DEL LIBRO |
| Número Internacional Estándar del Libro |
9789708020480 (Instituto Nacional de Bellas Artes) |
| 035 ## - NÚMERO DE CONTROL DEL SISTEMA |
| Número de control de sistema |
(OCoLC)ocn251303166 |
| 035 ## - NÚMERO DE CONTROL DEL SISTEMA |
| Número de control de sistema |
(OCoLC)251303166 |
| 035 ## - NÚMERO DE CONTROL DEL SISTEMA |
| Número de control de sistema |
(NNC)7318287 |
| 040 ## - FUENTE DE CATALOGACIÓN |
| Centro catalogador/agencia de origen |
YDXCP |
| Centro/agencia transcriptor |
YDXCP |
| Centro/agencia modificador |
TXA |
| 041 0# - CÓDIGO DE IDIOMA |
| Código de lengua del texto/banda sonora o título independiente |
eng |
| -- |
spa |
| 043 ## - CÓDIGO DE ÁREA GEOGRÁFICA |
| Código de área geográfica |
n-mx--- |
| 082 ## - NÚMERO DE LA CLASIFICACIÓN DECIMAL DEWEY |
| Número de clasificación |
708 |
| Número de ítem |
C 352e |
| 090 ## - LOCALMENTE ASIGNADO TIPO-LC NÚMERO DE CLASIFICACIÓN (OCLC); NÚMERO DE CLASIFICACIÓN LOCAL (RLIN) |
| Número de clasificación (OCLC) (R) ; Numero de clasificación, CALL (RLIN) (NR) |
N6559.C375 |
| Número cutter local (OCLC) ; Número de libro/Signatura topográfica íntegra, CALL (RLIN) |
A4 2008 |
| 100 1# - ENTRADA PRINCIPAL--NOMBRE DE PERSONA |
| Nombre de persona |
Castillo Deball, Mariana. |
| 9 (RLIN) |
3109 |
| 245 10 - MENCIÓN DEL TÍTULO |
| Título |
These ruins you see / |
| Mención de responsabilidad, etc. |
Mariana Castillo Deball. |
| 246 15 - FORMA VARIANTE DEL TITULO |
| Título propio/Titulo breve |
Estas ruinas que ves |
| 260 ## - PUBLICACIÓN, DISTRIBUCIÓN, ETC. |
| Lugar de publicación, distribución, etc. |
Berlin ; |
| -- |
New York, NY : |
| Nombre del editor, distribuidor, etc. |
Sternberg Press ; |
| Lugar de publicación, distribución, etc. |
Ciudad de México : |
| Nombre del editor, distribuidor, etc. |
Instituto Nacional de Bellas Artes, |
| Fecha de publicación, distribución, etc. |
c2008. |
| 300 ## - DESCRIPCIÓN FÍSICA |
| Extensión |
272 p. : |
| Otras características físicas |
ill. (some col.) ; |
| Dimensiones |
23 cm. |
| 500 ## - NOTA GENERAL |
| Nota general |
"These Ruins You See was exhibited at the Museo de Arte Carrillo Gil from November 8, 2006 to February 28, 2007."--P. facing English t.p. |
| 500 ## - NOTA GENERAL |
| Nota general |
"Estas ruinas que ves" ([9] folded plates) inserted. |
| 504 ## - NOTA DE BIBLIOGRAFÍA, ETC. |
| Nota de bibliografía, etc. |
Includes bibliographical references. |
| 600 10 - PUNTO DE ACCESO ADICIONAL DE MATERIA--NOMBRE DE PERSONA |
| Nombre de persona |
Castillo Deball, Mariana |
| Subdivisión de forma |
Exhibitions. |
| 9 (RLIN) |
3110 |
| 650 #0 - PUNTO DE ACCESO ADICIONAL DE MATERIA--TÉRMINO DE MATERIA |
| Término de materia o nombre geográfico como elemento de entrada |
Archaeology and art |
| Subdivisión geográfica |
Mexico |
| Subdivisión de forma |
Exhibitions. |
| 9 (RLIN) |
3111 |
| 650 #0 - PUNTO DE ACCESO ADICIONAL DE MATERIA--TÉRMINO DE MATERIA |
| Término de materia o nombre geográfico como elemento de entrada |
Excavations (Archaeology) |
| Subdivisión geográfica |
Mexico |
| Subdivisión de forma |
Exhibitions. |
| 9 (RLIN) |
3112 |
| 651 #0 - PUNTO DE ACCESO ADICIONAL DE MATERIA--NOMBRE GEOGRÁFICO |
| Nombre geográfico |
Mexico |
| Subdivisión general |
Antiquities |
| Subdivisión de forma |
Exhibitions. |
| 9 (RLIN) |
3113 |
| 710 2# - ENTRADA AGREGADA--NOMBRE DE ENTIDAD CORPORATIVA |
| Nombre de entidad corporativa o nombre de jurisdicción como elemento de entrada |
Instituto Nacional de Bellas Artes (Mexico) |
| 9 (RLIN) |
3114 |
| 710 2# - ENTRADA AGREGADA--NOMBRE DE ENTIDAD CORPORATIVA |
| Nombre de entidad corporativa o nombre de jurisdicción como elemento de entrada |
Museo de Arte Carrillo Gil. |
| 9 (RLIN) |
1953 |
| 948 1# - PROCESAMIENTO DE INFORMACIÓN LOCAL (OCLC); DESIGNADOR DE PARTE DE LA SERIE (RLIN) |
| Designador de la parte de la serie, SPT (RLIN) |
20100218 |
| b (OCLC) |
c |
| c (OCLC) |
fra1 |
| d (OCLC) |
SCMC |